Türk ve İslâm geleneğinde ağaç. (Record no. 47248)
[ view plain ]
| 000 -LEADER | |
|---|---|
| fixed length control field | 00635cam a22002291 4500 |
| 001 - CONTROL NUMBER | |
| control field | ne 64001845 |
| 003 - CONTROL NUMBER IDENTIFIER | |
| control field | DLC |
| 005 - DATE AND TIME OF LATEST TRANSACTION | |
| control field | 20260227111802.0 |
| 008 - FIXED-LENGTH DATA ELEMENTS--GENERAL INFORMATION | |
| fixed length control field | 930803s1963 tu b 000 0 tur |
| 010 ## - LIBRARY OF CONGRESS CONTROL NUMBER | |
| LC control number | ne 64001845 |
| 035 ## - SYSTEM CONTROL NUMBER | |
| System control number | (OCoLC)28562366 |
| 040 ## - CATALOGING SOURCE | |
| Original cataloging agency | DLC |
| Transcribing agency | CU |
| Modifying agency | CU |
| -- | DLC |
| 050 00 - LIBRARY OF CONGRESS CALL NUMBER | |
| Classification number | GR785 |
| Item number | .U4 |
| 100 1# - MAIN ENTRY--PERSONAL NAME | |
| Personal name | Ülkütaşır, M. Şakir. |
| 245 10 - TITLE STATEMENT | |
| Title | Türk ve İslâm geleneğinde ağaç. |
| 260 ## - PUBLICATION, DISTRIBUTION, ETC. | |
| Place of publication, distribution, etc. | [Ankara, |
| Date of publication, distribution, etc. | 1963] |
| 300 ## - PHYSICAL DESCRIPTION | |
| Extent | 40 p. |
| Dimensions | 20 cm. |
| 440 #0 - SERIES STATEMENT/ADDED ENTRY--TITLE | |
| Title | Türk Etnografya ve Folklor Derneği yayınları, |
| Volume/sequential designation | 1 |
| 504 ## - BIBLIOGRAPHY, ETC. NOTE | |
| Bibliography, etc. note | Bibliography: p. 36-37. |
| 650 #0 - SUBJECT ADDED ENTRY--TOPICAL TERM | |
| Topical term or geographic name entry element | Folklore of trees. |
| 650 #0 - SUBJECT ADDED ENTRY--TOPICAL TERM | |
| Topical term or geographic name entry element | Folklore |
| Geographic subdivision | Turkey. |
No items available.